| 000 | 00644nam a22002177a 4500 | ||
|---|---|---|---|
| 003 | OSt | ||
| 005 | 20260410152305.0 | ||
| 008 | 260410b |||||||| |||| 00| 0 eng d | ||
| 020 | _a9781119813408 | ||
| 040 | _cDDC | ||
| 082 | _a004 EME 2022 | ||
| 100 |
_aEdited by Umang, Singh; San, Murugesan; Ashish, Seth _919575 |
||
| 245 | _aEmerging Computing Paradigms: principles, advances and applications | ||
| 250 | _a1st ed. | ||
| 260 | _aNew Jersey; John Wiley, 2022 | ||
| 300 | _axxix,273p.; Ill: 26cm | ||
| 504 | _aBibliography, & Index included | ||
| 650 |
_aComputer science _92140 |
||
| 650 |
_aComputing _9122 |
||
| 942 |
_2ddc _cO_SHELF |
||
| 999 |
_c9626 _d9626 |
||